banner koha

Redescription of Podocnemis erythrocephala (Spix, 1824), an Amazonia pelomedusid turtle (Registro n. 295472)

MARC details
000 -LÍDER
campo de controle de tamanho fixo 01024nac a22002897a 4500
001 - NÚMERO DE CONTROLE
campo de controle BR0703846
003 - IDENTIFICADOR DO NÚMERO DE CONTROLE
campo de controle BR-BrBNA
005 - DATA E HORÁRIO DA ÚLTIMA TRANSAÇÃO
campo de controle 20240105123437.0
008 - CAMPO DE DADOS FIXOS--INFORMAÇÃO GERAL
campo de controle de tamanho fixo 230509b bl.|||m| |||| 00| 0 por d
040 ## - FONTE DA CATALOGAÇÃO
Instituição da catalogação original BR-BrBNA
Idioma da catalogação por
Instituição que transcreveu o registro Biblioteca Nacional de Agricultura
072 ## - CÓDIGO DE CATEGORIA DE ASSUNTO
Código de Categoria de Assunto L60
090 ## - NÚMERO DE CHAMADA LOCAL
Número de chamada 8530 BR0703846
100 1# - ENTRADA PRINCIPAL--NOME PESSOAL
Nome pessoal Mittermeier, R.A.
100 1# - ENTRADA PRINCIPAL--NOME PESSOAL
Nome pessoal Wilson, R.A.
110 1# - ENTRADA PRINCIPAL--NOME CORPORATIVO
Nome corporativo ou nome da jurisdição Universidade de São Paulo, São Paulo (Brasil). Museu de Zoologia
9 (RLIN) 10554
245 1# - TÍTULO
Título Redescription of Podocnemis erythrocephala (Spix, 1824), an Amazonia pelomedusid turtle
260 3# - PUBLICAÇÃO, DISTRIBUIÇÃO, ETC.
Local de publicação, distribuição, etc. São Paulo (Brasil):
Data da publicação, distribuição, etc. 1974.
300 ## - DESCRIÇÃO FÍSICA
Extensão p. 148-162
490 ## - TÍTULO DA SÉRIE
Título da série Papéis Avulsos de Zoologia - Universidade de São Paulo (Brazil)
Número do volume ou designação sequencial da série v. 28(8)
ISSN - International Standard Serial Number ISSN 0031-1049
500 ## - NOTA GERAL
Nota geral 30 ref.; Summary (En); Documento microfilmado e tratado BR6004726
650 ## - ASSUNTO--TERMO TÓPICO
Cabeçalho tópico ou nome geográfico TARTARUGA
650 ## - ASSUNTO--TERMO TÓPICO
Cabeçalho tópico ou nome geográfico PODOCNEMIS ERYTHROCEPHALA
650 ## - ASSUNTO--TERMO TÓPICO
Cabeçalho tópico ou nome geográfico TAXONOMIA ANIMAL
650 ## - ASSUNTO--TERMO TÓPICO
Cabeçalho tópico ou nome geográfico AMAZONIA
909 ## -
-- 202312
-- Lúcia Elande
-- 55
-- Lúcia Elande
942 ## - ELEMENTOS DE ENTRADA ADICIONADOS (KOHA)
Fonte da classificação ou esquema de arquivamento na estante Classificação AGRIS
Ocultar no OPAC Não
Tipo de material Koha Monografia Seriada
Exemplares
Situação do descarte Fonte da classificação ou esquema de arquivamento na estante Situação física Não pode ser emprestado Coleção Biblioteca de origem Biblioteca atual Localização na estante Total de empréstimos Número de telefone completo Código de barras Data de último acesso Tipo de material Koha Fonte de aquisição
  Classificação AGRIS       Biblioteca Nacional de Agricultura - Binagri Biblioteca Nacional de Agricultura - Binagri Agrobase - Acervo Geral   8530 BR0703846 8530 BR0703846 18/12/2023 Monografia Seriada Portaria Interministerial nº 164/94

BINAGRI

Telefone: (61)3218-2567/2388/3357/2097 - binagri@agro.gov.br

Ministério da Agricultura e Pecuária , Esplanada dos Ministérios, Bloco D, Anexo B, Brasília/DF, CEP: 70.043-900